Statistics for UFC Main Event Winners in 2020

Click here to take the quiz!

General Stats

  • This quiz has been taken 89 times
  • The average score is 24 of 41

Answer Stats

DateWinnerviaLoser% Correct
Jan 18Conor McGregorKO/TKODonald Cerrone
97%
Feb 8Jon JonesDecisionDominick Reyes
94%
Mar 7Israel AdesanyaDecisionYoel Romero
92%
Sep 26Israel AdesanyaKO/TKOPaulo Costa
92%
Jul 11Kamaru UsmanDecisionJorge Masvidal
89%
Aug 15Stipe MiocicDecisionDaniel Cormier
89%
May 9Justin GaethjeKO/TKOTony Ferguson
88%
Oct 24Khabib NurmagomedovSubmissionJustin Gaethje
80%
Sep 19Colby CovingtonKO/TKOTyron Woodley
75%
Feb 29Deiveson FigueiredoKO/TKOJoseph Benavidez
69%
Dec 12Deiveson FigueiredoMajority drawBrandon Moreno
69%
Jul 18Deiveson FigueiredoSubmissionJoseph Benavidez
69%
Nov 21Deiveson FigueiredoSubmissionAlex Perez
69%
Jun 27Dustin PoirierDecisionDan Hooker
69%
Jun 6Amanda NunesDecisionFelicia Spencer
67%
Aug 8Derrick LewisKO/TKOAleksei Oleinik
66%
Mar 14Charles OliveiraSubmissionKevin Lee
63%
Feb 22Dan HookerDecisionPaul Felder
61%
May 30Gilbert BurnsDecisionTyron Woodley
61%
Feb 15Jan BlachowiczKO/TKOCorey Anderson
59%
Jul 25Robert WhittakerDecisionDarren Till
58%
Aug 1Derek BrunsonKO/TKOEdmen Shahbazyan
50%
May 13Glover TeixeiraKO/TKOAnthony Smith
50%
Nov 7Glover TeixeiraKO/TKOThiago Santos
50%
Nov 14Rafael dos AnjosDecisionPaul Felder
50%
Oct 31Uriah HallKO/TKOAnderson Silva
50%
Dec 5Marvin VettoriDecisionJack Hermansson
47%
Dec 19Stephen ThompsonDecisionGeoff Neal
47%
Sep 5Alistair OvereemKO/TKOAugusto Sakai
44%
May 16Alistair OvereemKO/TKOWalt Harris
44%
Oct 17Brian OrtegaDecisionChan Sung Jung
44%
Oct 10Cory SandhagenKO/TKOMarlon Moraes
42%
Nov 28Anthony SmithSubmissionDevin Clark
41%
Jun 20Curtis BlaydesDecisionAlexander Volkov
39%
Jan 25Curtis BlaydesKO/TKOJunior Dos Santos
39%
Jul 15Calvin KattarDecisionDan Ige
38%
Aug 22Frankie EdgarDecisionPedro Munhoz
38%
Oct 3Holly HolmDecisionIrene Aldana
38%
Aug 29Aleksandar RakićDecisionAnthony Smith
31%
Sep 12Michelle WatersonDecisionAngela Hill
25%
Jun 13Cynthia CalvilloDecisionJessica Eye
20%

Score Distribution

Percentile by Number Answered

Percent of People with Each Score

Your Score History

You have not taken this quiz